Top 100 Hockey Players of All Time - Statistics

General Stats
  • This quiz has been taken 168 times
  • The average score is 26 of 100
Answer Stats
# Retired Team Player % Correct
1 1999 Oilers Wayne Gretzky
94%
6 Active Penguins Sidney Crosby
93%
2 Active Capitals Alexander Ovechkin
92%
7 Active Oilers Connor McDavid
87%
3 2006 Penguins Mario Lemieux
82%
4 1980 Red Wings Gordie Howe
72%
5 1979 Bruins Bobby Orr
66%
35 Active Avalanche Nathan MacKinnon
66%
9 2018 Penguins Jaromír Jágr
62%
53 Active Maple Leafs Auston Matthews
59%
18 1960 Canadiens Maurice Richard
57%
30 Active Blackhawks Patrick Kane
57%
26 Active Lightning Nikita Kucherov
54%
8 2003 Canadiens Patrick Roy
53%
63 Active Lightning Steven Stamkos
50%
27 Active Penguins Evgeni Malkin
49%
36 Active Oilers Leon Draisaitl
48%
10 2004 Oilers Mark Messier
48%
31 2006 Red Wings Steve Yzerman
48%
11 2015 Devils Martin Brodeur
47%
19 1991 Canadiens Guy Lafleur
43%
29 2009 Avalanche Joe Sakic
42%
15 1980 Blackhawks Bobby Hull
40%
33 2006 Blues Brett Hull
40%
14 2008 Sabres Dominik Hašek
40%
16 1981 Bruins Phil Esposito
40%
80 1984 Blackhawks Tony Esposito
38%
13 2001 Bruins Ray Bourque
37%
62 Active Avalanche Cale Makar
36%
84 Active Lightning Victor Hedman
31%
71 Active Kings Anže Kopitar
30%
46 1998 Oilers Jari Kurri
30%
37 Active Lightning Andrei Vasilevskiy
28%
51 2011 Avalanche Peter Forsberg
28%
59 2014 Jets Teemu Selänne
28%
17 1971 Canadiens Jean Béliveau
26%
34 1987 Islanders Mike Bossy
26%
38 2000 Oilers Paul Coffey
26%
24 1980 Blackhawks Stan Mikita
26%
12 2012 Red Wings Nicklas Lidström
24%
61 2017 Flames Jarome Iginla
23%
76 2022 Sharks Joe Thornton
23%
52 2023 Bruins Patrice Bergeron
23%
25 1984 Flyers Bobby Clarke
22%
41 Active Jets Connor Hellebuyck
21%
79 Active Kings Drew Doughty
21%
22 1979 Canadiens Ken Dryden
21%
39 2010 Red Wings Chris Chelios
20%
66 1989 Kings Marcel Dionne
18%
86 2016 Red Wings Pavel Datsyuk
18%
91 2003 Kings Luc Robitaille
17%
99 1955 Bruins Milt Schmidt
17%
70 Active Panthers Sergei Bobrovsky
17%
68 2022 Bruins Zdeno Chára
17%
47 Active Senators Erik Karlsson
16%
23 1971 Blackhawks Glenn Hall
16%
40 1988 Islanders Denis Potvin
14%
21 1973 Canadiens Jacques Plante
14%
96 2003 Canucks Pavel Bure
14%
44 2004 Flames Al MacInnis
13%
55 2006 Rangers Brian Leetch
13%
42 1937 Canadiens Howie Morenz
13%
45 1992 Canadiens Larry Robinson
13%
67 2010 Devils Scott Niedermayer
13%
32 1994 Islanders Bryan Trottier
12%
54 2012 Ducks Chris Pronger
12%
87 2015 Lightning Martin St. Louis
12%
88 2007 Flyers Eric Lindros
11%
89 2004 Hurricanes Ron Francis
11%
50 2009 Red Wings Sergei Federov
11%
90 1989 Islanders Billy Smith
10%
20 1969 Canadiens Doug Harvey
10%
92 2019 Canucks Roberto Luongo
9%
60 2004 Devils Scott Stevens
9%
28 1940 Bruins Eddie Shore
8%
93 2014 Bruins Tim Thomas
8%
77 2006 Maple Leafs Doug Gilmour
7%
58 1924 Bulldogs Joe Malone
7%
65 1965 Red Wings Ted Lindsay
7%
95 1968 Canadiens Dickie Moore
6%
64 2007 Blackhawks Ed Belfour
6%
73 1968 Canadiens Bernie Geoffrion
4%
72 1985 Bruins Brad Park
3%
69 2022 Blackhawks Duncan Keith
3%
81 1978 Maple Leafs Frank Mahovlich
3%
48 1967 Maple Leafs Red Kelly
3%
97 1971 Rangers Andy Bathgate
2%
74 1979 Flyers Bernie Parent
2%
83 1954 Canadiens Elmer Lach
2%
85 2020 Rangers Henrik Lundqvist
2%
98 1970 Maple Leafs Johnny Bower
2%
49 1969 Blackhawks Pierre Pilote
2%
100 1948 Maple Leafs Syl Apps
2%
43 1970 Red Wings Terry Sawchuk
2%
75 1950 Canadiens Bill Durnan
1%
57 1927 Canadiens Newsy Lalonde
1%
56 1923 Millionaires Cyclone Taylor
0%
82 1940 Maroons Nels Stewart
0%
94 1993 Capitals Rod Langway
0%
78 1957 Maple Leafs Ted Kennedy
0%
No matching quizzes found
Score Distribution
Percent of People with Each Score
Percentile by Number Answered
Your Score History
You have not taken this quiz